|
|
|
|
| LEADER |
01107nab#a2200313#ar4500 |
| 001 |
000072286 |
| 003 |
SVKKK |
| 005 |
20020607xxxxxxx. |
| 008 |
06 c xo huno |
| FMT |
|
|
|
| 038 |
|
|
|a SVKKK
|
| 040 |
|
|
|a SVKKK
|b slo
|e AACR2
|
| 041 |
0 |
|
|a hun
|
| 044 |
|
|
|a xo
|c SK
|
| 080 |
|
|
|a 336.72
|
| 100 |
0 |
|
|a Az igazgatóság
|4 aut
|
| 242 |
1 |
0 |
|a Pozvánka Meczilaboreckej sporiteľne, úč.spol...
|
| 245 |
1 |
0 |
|a Meghivó a Mezőlaborci Takarékpénztár Rt...
|c Az igazgatóság
|
| 500 |
|
|
|a mikrofilm
|
| 520 |
2 |
|
|a Text pozvánky Medzilaboreckej sporiteľne, účastinnnej spoločnosti na výročnú schôdzu, ktorá sa uskutoční v Medzilaborciach dňa 15.02.1914. Pozvánka datovaná v Medzilaborciach 18.01.1914.
|
| 650 |
0 |
4 |
|a schôdza výročná - Medzilaborecká sporiteľňa, učastinná spoločnosť (organizátor) - Medzilaborce - 15.02.1914 - pozvánka - texty
|
| 773 |
0 |
|
|t Homonna és Vidéke : Hetilap
|g Roč. 14, č. 5 (01.02.1914) s. 2
|
| 957 |
|
|
|a Medzilaborce
|
| 958 |
|
|
|a DG
|
| 958 |
|
|
|a SK
|
| 974 |
|
|
|a Ba
|d 20020607
|
| 992 |
|
|
|a RBX
|
| BAS |
|
|
|
| 998 |
|
|
|a RETRO
|